Cover the Alphabet - European Capitals Quiz Stats

 Plays Quiz Updated Jul 5, 2020

Support Sporcle.
Go Orange.
Score 0/52 Timer 01:00
29 Plays Today
% Correct
Q - Go
99.8%
Q - Go
99.4%
R - Ankara...
97.8%
R - Ankara...
97.8%
A - Ankara...
97.8%
A - Ankara...
97.8%
L - Oslo...
97.6%
L - Oslo...
97.6%
S - Oslo...
97.5%
S - Oslo...
97.5%
N - Ankara...
97.5%
N - Ankara...
97.5%
I - Riga...
97.4%
I - Riga...
97.4%
E - Bern...
97.4%
E - Bern...
97.4%
O - Oslo...
97.2%
O - Oslo...
97.2%
B - Bern...
96.4%
B - Bern...
96.4%
D - London...
95.1%
D - London...
95.1%
M - Rome...
94.3%
M - Rome...
94.3%
P - Paris...
92.3%
P - Paris...
92.3%
% Correct
U - Vaduz...
85.7%
U - Vaduz...
85.7%
T - Tallinn...
85.6%
T - Tallinn...
85.6%
G - Riga...
83.6%
G - Riga...
83.6%
V - Vienna...
83.4%
V - Vienna...
83.4%
C - Monaco...
82.7%
C - Monaco...
82.7%
H - Athens...
82.5%
H - Athens...
82.5%
K - Ankara...
80.1%
K - Ankara...
80.1%
W - Warsaw...
77%
W - Warsaw...
77%
Z - Vaduz...
64.6%
Z - Vaduz...
64.6%
Y - Reykjavik...
60.1%
Y - Reykjavik...
60.1%
J - Ljubljana...
51.4%
J - Ljubljana...
51.4%
X - Luxembourg
47.9%
X - Luxembourg
47.9%
F - Sofia
28.8%
F - Sofia
28.8%

You're not logged in!

Compare scores with friends on all Sporcle quizzes.
OR
Log In
Forgot?

From the Vault

Pokémon Theme

by Iridium

For some this is a walk down memory lane, for others this is a head scratching experience.
Remove Ads.
Support Sporcle.
Get the best of Sporcle when you Go Orange. This ad-free experience offers more features, more stats, and more fun while also helping to support Sporcle. Thank you for becoming a member.

Show Comments

Extras

Top Quizzes Today


Score Distribution

Your Account Isn't Verified!

In order to create a playlist on Sporcle, you need to verify the email address you used during registration. Go to your Sporcle Settings to finish the process.

Report this User

Report this user for behavior that violates our Community Guidelines.

Details: